| 000 | 00355nam a2200133 a 4500 | ||
|---|---|---|---|
| 005 | 20140414132110.0 | ||
| 008 | 100901s19uu xx 00 eng d | ||
| 050 |
_aFIC _bSt5 2008 |
||
| 100 | _aStilton, Geronimo | ||
| 245 |
_aI'm not a supermouse! : _bBook 43. |
||
| 260 |
_aNew York : _bScholastic, _c2008. |
||
| 440 | _aGeronimo Stilton | ||
| 999 |
_c114710 _d114710 |
||